Les Jeanne célébres - Statistiques

Statistiques générales
  • Ce quiz a été pris 200 fois
  • Le résultat moyen est 4 sur 14
Statistiques - réponses
Indice 1 Indice 2 Nom % Correct
(1412-1431) la pucelle d'Orléans d'Arc
97%
actrice (1928) Jules et Jim Moreau
81%
doyenne (1875-1997) 122 ans Calment
80%
chanteuse (1958) en rouge et noir Mas
74%
actrice et chanteuse (1968) nommée à quatre reprises pour les César du cinéma. Balibar
21%
reine (1508-1537) troisième femme du roi Henri VIII d'Angleterre Seymour
15%
comtesse (1743-1793) favorite de Louis XV Du Barry
14%
(1456-?) - Beauvais résistante à Charles le Téméraire Hachette
10%
couturière (1867 - 1946) parfum Arpège Lanvin
9%
actrice (1950) les galettes de Pont-Aven Goupil
3%
missionnaire (1606-1673) fondatrice de l'Hôtel-Dieu de Montréal Mance
3%
actrice (1966) Caméra Café - Nestor Burma Savary
3%
actrice américaine (1928-2013) Katherine Chancellor dans le feuilleton Les Feux de l'amour. Cooper
1%
(1775-1847) première femme aéronaute et parachutiste Garnerin
0%
Aucun quiz correspondant
Distribution des résultats
% des personnes avec chaque résultat
Percentile par nombre de réponses
Votre historique - résultats
Vous n’avez pas pris ce quiz